000 00756cam a2200205Ia 4500
999 _c8325
_d8325
020 _a9780335244614
020 _a0335244610
050 4 _aRA651
_b.C18
100 1 _aCarneiro, Ilona.
245 1 0 _aIntroduction to epidemiology /
_cIlona Carneiro and Natasha Howard ; Lucianne Bailey [and others].
250 _aSecond edition.
260 _a Maidenhead, Berkshire,
_bOpen University Press,
_c2011
300 _axii, 183 pages :
_billustrations ;
_c24 cm.
500 _aRevised edition of: Introduction to epidemiology. 2005.
505 _a1. Acceptance 2. Active Listening 3. Advising 4. Advocacy 5. Anti-discriminatory Practice
650 0 _aEpidemiology.
700 1 _aHoward, Natasha.
730 0 _aIntroduction to epidemiology.
942 _cBK